| 000 | 00765nam a2200217 u 4500 | ||
|---|---|---|---|
| 005 | 20240807063739.0 | ||
| 008 | 120208s2008 mx r 000 0 spa d | ||
| 020 | _a9789681871952 | ||
| 035 | _aUPN01000183352 | ||
| 049 | _aCG | ||
| 050 | 4 |
_aLB1186 _bG6.36a |
|
| 100 | 1 |
_aGonzález, Adriana _939727 |
|
| 245 | 1 | 3 |
_aLa enseñanza de la matemática en el jardín de infantes : _ba través de secuencias didácticas / _cAdriana González, Edith Weinstein. |
| 260 |
_aMéxico : _bHomosapiens : _bLimusa, _cc2008. |
||
| 300 |
_a256 p. : _bil., cuadros |
||
| 650 | 4 |
_aMatemáticas _xEstudio y enseñanza (Preescolar) _94038 |
|
| 650 | 4 |
_aMatemáticas _vProblemas, ejercicios, etc. _93580 |
|
| 700 | 1 |
_aWeinstein, Edith, _ecoaut. |
|
| 905 | _aLibro | ||
| 999 |
_c155455 _d155455 |
||